| 000 | 00599nam a22002057a 4500 | ||
|---|---|---|---|
| 005 | 20170124110246.0 | ||
| 010 | _a055193 | ||
| 020 | _c00.00 | ||
| 035 | _a055193 | ||
| 037 | _bCen Lib/Ret | ||
| 040 |
_aDPL _bEN |
||
| 082 |
_a915.416 _bGUI |
||
| 110 |
_aIndia.Ministry of Information and Broadcasting _996104 |
||
| 245 | _aGuide to delhi / | ||
| 260 |
_bMinistry of Information and Broadcasting _aIndia _c1954 |
||
| 300 |
_a38p. : _c20cm(Hb) _bill. |
||
| 650 |
_aDelhi (India) -- Guidebooks. _997459 |
||
| 650 |
_aIndia -- Delhi. _928471 |
||
| 942 |
_2ddc _cEN _h915.416 _mGUI |
||
| 999 |
_c135506 _d135506 |
||